Equipos que han ganado la Ligue 1 - Estadísticas

Estadísticas generales
  • Esta prueba ha sido intentada 98 veces
  • La puntuación promedio es 56 de 85
Estadísticas de respuestas
Año Equipo % Correcto
2024 Paris Saint-Germain F. C.
100%
2023 Paris Saint-Germain F. C.
100%
2022 Paris Saint-Germain F. C.
100%
2020 Paris Saint-Germain F. C.
100%
2019 Paris Saint-Germain F. C.
100%
2018 Paris Saint-Germain F. C.
100%
2016 Paris Saint-Germain F. C.
100%
2015 Paris Saint-Germain F. C.
100%
2014 Paris Saint-Germain F. C.
100%
2013 Paris Saint-Germain F. C.
100%
1994 Paris Saint-Germain F. C.
100%
1986 Paris Saint-Germain F. C.
100%
2017 A. S. Mónaco
92%
2000 A. S. Mónaco
92%
1997 A. S. Mónaco
92%
1988 A. S. Mónaco
92%
1982 A. S. Mónaco
92%
1978 A. S. Mónaco
92%
1963 A. S. Mónaco
92%
1961 A. S. Mónaco
92%
2021 Lille O.S.C.
85%
2011 Lille O.S.C.
85%
1954 Lille O.S.C.
85%
1946 Lille O.S.C.
85%
1933 Lille O.S.C.
85%
2010 Olympique Marsella
81%
1992 Olympique Marsella
81%
1991 Olympique Marsella
81%
1990 Olympique Marsella
81%
1989 Olympique Marsella
81%
1972 Olympique Marsella
81%
1971 Olympique Marsella
81%
1948 Olympique Marsella
81%
1937 Olympique Marsella
81%
2008 Olympique de Lyon
77%
2007 Olympique de Lyon
77%
2006 Olympique de Lyon
77%
2005 Olympique de Lyon
77%
2004 Olympique de Lyon
77%
2003 Olympique de Lyon
77%
2002 Olympique de Lyon
77%
2001 F. C. Nantes
61%
1995 F. C. Nantes
61%
1983 F. C. Nantes
61%
1980 F. C. Nantes
61%
1977 F. C. Nantes
61%
1973 F. C. Nantes
61%
1966 F. C. Nantes
61%
1965 F. C. Nantes
61%
2009 F. C. Girondins de Bordeaux
60%
1999 F. C. Girondins de Bordeaux
60%
1987 F. C. Girondins de Bordeaux
60%
1985 F. C. Girondins de Bordeaux
60%
1984 F. C. Girondins de Bordeaux
60%
1950 F. C. Girondins de Bordeaux
60%
1981 A. S. Saint-Étienne
57%
1976 A. S. Saint-Étienne
57%
1975 A. S. Saint-Étienne
57%
1974 A. S. Saint-Étienne
57%
1970 A. S. Saint-Étienne
57%
1969 A. S. Saint-Étienne
57%
1968 A. S. Saint-Étienne
57%
1967 A. S. Saint-Étienne
57%
1964 A. S. Saint-Étienne
57%
1957 A. S. Saint-Étienne
57%
2012 Montpellier Hérault S. C.
57%
1962 Stade de Reims
48%
1960 Stade de Reims
48%
1958 Stade de Reims
48%
1955 Stade de Reims
48%
1953 Stade de Reims
48%
1949 Stade de Reims
48%
1998 R.C. Lens
43%
1959 O. G. C. Nice
39%
1956 O. G. C. Nice
39%
1952 O. G. C. Nice
39%
1951 O. G. C. Nice
39%
1996 A. J. Auxerroise
30%
1979 Racing Estrasburgo
25%
1939 F. C. Sète
1%
1934 F. C. Sète
1%
1938 F. C. Sochaux-Montbéliard
1%
1935 F. C. Sochaux-Montbéliard
1%
1936 Racing Club Paris
1%
1947 C. O. Roubaix-Tourcoing
0%
No se encontraron pruebas coincidentes
Distribución de puntuación
Porcentaje de gente con cada puntuación
Porcentaje por número respondido
Historial de tus puntuaciones
No has intentado esta prueba.